Arnaldo Barison Desman: retrato de un artista, 1883-1970

Guardat en:
Dades bibliogràfiques
Autor principal: Barison Roberts, Gloria (Autor)
Format: Llibre
Idioma:espanyol
Publicat: Chillán La Discusión S. A 2008
Edició:1a. ed
Matèries:
Etiquetes: Afegir etiqueta
Sense etiquetes, Sigues el primer a etiquetar aquest registre!

MARC

LEADER 00000cam a2200000 a 4500
001 UCC6167
003 CL-VaPUC
008 181123e20080000cl |||||||||||||||||spa|d
020 |a 9789563193657 
082 0 4 |a 927.2945  |b BAR  |2 21 
100 0 |a Barison Roberts, Gloria  |e author  |9 600574 
245 1 0 |a Arnaldo Barison Desman: retrato de un artista, 1883-1970 
250 |a 1a. ed 
300 |a 134 p 
942 |c BK 
945 |d 20181123 16:12:00  |a dcastane 
260 |a Chillán  |b La Discusión S. A  |c 2008 
650 0 |a Biografías  |9 255210 
650 7 |a INMIGRANTES ITALIANOS  |2 CL-VaPUC  |9 458578 
650 0 |a Arquitectos italianos   |9 407414 
583 |a last modification  |c 20181213 02:04:46  |k Rodrigo Vera 
999 |c 373165  |d 373163 
952 |0 0  |1 0  |3 erb  |4 0  |6 927_294500000000000_BAR_2008  |7 0  |8 A  |9 491156  |a BIBHIS  |b BIBHIS  |i 5516668  |o 927.2945 BAR 2008  |p 5516668  |r 2025-01-20  |w 2019-11-24  |y BK  |z Catalogado en:20181123  |k HIS 
952 |0 0  |1 0  |3 erb  |4 0  |6 927_294500000000000_BAR_2008  |7 0  |8 A  |9 491157  |a BIBHIS  |b BIBHIS  |i 551665K  |o 927.2945 BAR 2008  |p 551665K  |r 2025-01-20  |w 2019-11-24  |y BK  |z Catalogado en:20181123  |k HIS 
952 |0 0  |1 0  |3 erb  |4 0  |6 927_294500000000000_BAR_2008  |7 0  |8 A  |9 491158  |a BIBHIS  |b BIBHIS  |i 5516641  |o 927.2945 BAR 2008  |p 5516641  |r 2023-01-25  |w 2019-11-24  |y BK  |z Catalogado en:20181123  |k HIS 
952 |0 0  |1 0  |3 erb  |4 0  |6 927_294500000000000_BAR_2008  |7 0  |8 A  |9 491159  |a BIBHIS  |b BIBHIS  |i 5516633  |o 927.2945 BAR 2008  |p 5516633  |r 2025-01-20  |w 2019-11-24  |y BK  |z Catalogado en:20181123  |k HIS 
952 |0 0  |1 0  |3 erb  |4 0  |6 927_294500000000000_BAR_2008  |7 0  |8 A  |9 491160  |a BIBHIS  |b BIBHIS  |i 5516625  |o 927.2945 BAR 2008  |p 5516625  |r 2025-01-20  |w 2019-11-24  |y BK  |z Catalogado en:20181123  |k HIS 
952 |0 0  |1 0  |3 erb  |4 0  |6 927_294500000000000_BAR_2008  |7 0  |8 A  |9 491161  |a BIBHIS  |b BIBHIS  |i 5516617  |l 1  |o 927.2945 BAR 2008  |p 5516617  |r 2025-03-19  |s 2025-03-03  |w 2019-11-24  |y BK  |z Catalogado en:20181123  |k HIS 
952 |0 0  |1 0  |3 erb  |4 0  |6 927_294500000000000_BAR_2008  |7 0  |8 A  |9 491162  |a BIBHIS  |b BIBHIS  |i 5523257  |o 927.2945 BAR 2008  |p 5523257  |r 2025-01-20  |w 2019-11-24  |y BK  |z Catalogado en:20181213  |k HIS